Anything and Everything - T - Statistics

General Stats
  • This quiz has been taken 48 times
  • The average score is 18 of 25
Answer Stats
Description Answer % Correct
An Egyptian pharaoh who was the last of his royal family to rule during the 18th dynasty Tutankhamun
97%
A child approximately 12 to 36 months old Toddler
94%
A shape with 3 sides Triangle
94%
The surname of the 33rd president of the united states from 1945-1953 Truman
94%
A central region of Romania famous for medieval towns and was made into 3 films Transylvania
92%
The Us state where Miley Cyrus, Justin Timberlake and Morgan freeman are from Tennessee
89%
An American microblogging social networking site with a white bird on a blue background Twitter
86%
A chinese made video sharing social networking platform, especially big in 2020 Tiktok
83%
An emperor of Russia before 1917 Tsar
83%
An islamic fundamentalist political movement and military organisation in Afghanistan currently raging war against its own country Taliban
81%
The city that is the most populated in the world with 38 million people Tokyo
81%
A period of kings of england that ran from 1485-1603 starting with henry VII Tudor
81%
In 1931 what was Al Capone sentenced for and put in federal prison Tax Evasion
78%
An autonomous region of china in the south west of the country and nicknamed the roof of the world Tibet
78%
According to cliché, what is of the essence Time
75%
The country where Ashgabat is its capital Turkmenistan
75%
A carnivorous marsupial which was once found on mainland australia but is now find on a Australian island with the same name Tasmanian Devil
72%
A powerful a wealthy businessman Tycoon
69%
What is the capital of Uzbekistan Tashkent
56%
What is the capital of Honduras Tegucigalpa
50%
A huge American singer-songwriter who has had singles such as Lover, ME! and you need to calm down Taylor Swift
47%
A game played with coloured counters and aim is to get them into a pot or onto a felt mat Tiddlywinks
42%
Who has been the CEO of Apple since 2011 Tim cook
33%
A rapper who realised ASTROWORLD in 2018 Travis Scott
19%
A british youtuber who’s real name is Arran Lomas who makes educational videos Thoughty2
3%
No matching quizzes found
Score Distribution
Percent of People with Each Score
Percentile by Number Answered
Your Score History
You have not taken this quiz